A Holocene prehistoric sequence in the Egyptian Red Sea area (Record no. 139894)
[ view plain ]
| 000 -LEADER | |
|---|---|
| fixed length control field | 01679nam a2200397 a 4500 |
| 245 02 - TITLE STATEMENT | |
| Title | A Holocene prehistoric sequence in the Egyptian Red Sea area |
| 260 ## - PUBLICATION, DISTRIBUTION, ETC. (IMPRINT) | |
| Place of publication | Leuven, Belgium : |
| Name of publisher | Leuven University Press, |
| Year of publication | 2008. |
| 300 ## - PHYSICAL DESCRIPTION | |
| Number of Pages | 104 p. : |
| Other physical details | ill., maps, plans. |
| 490 1# - SERIES STATEMENT | |
| Series statement | Egyptian prehistory monographs ; |
| 650 #0 - SUBJECT ADDED ENTRY--TOPICAL TERM | |
| Topical Term | Excavations (Archaeology) |
| Topical Term | Antiquities, Prehistoric |
| Topical Term | Geology, Stratigraphic |
| 700 1# - ADDED ENTRY--PERSONAL NAME | |
| Personal name | Vermeersch, P. M. |
| Personal name | Kweakason, A. P. |
| 856 40 - ELECTRONIC LOCATION AND ACCESS | |
| Uniform Resource Identifier | http://site.ebrary.com/lib/rucke/Doc?id=10452834 |
No items available.
